MARC

LEADER 00000nam0a2200000 4500
001 325486
005 20231102003752.0
035 |a (RuTPU)RU\TPU\book\351100 
090 |a 325486 
100 |a 20161206d1933 km y0rusy50 ca 
101 0 |a rus 
102 |a RU 
105 |a y z 000zb 
200 1 |a К вопросу о взглядах Маркса на искусство  |f М. Лифшиц  |g Коммунистическая академия, Институт литературы и искусства 
210 |a Москва  |a Ленинград  |c Государственное издательство "Художественная литература"  |d 1933 
215 |a 131 с. 
600 1 |a Маркс  |g Карл  |b К.  |c немецкий мыслитель  |c общественный деятель  |c основоположник марксизма  |f 1818-1883  |2 stltpush  |3 (RuTPU)RU\TPU\pers\297 
606 1 |a Искусство  |x Теория  |x Философия  |2 stltpush  |3 (RuTPU)RU\TPU\subj\13189  |9 39840 
610 1 |a философские взгляды 
610 1 |a классики 
610 1 |a марксизм 
610 1 |a художественное творчество 
610 1 |a художественные образы 
610 1 |a восприятие 
610 1 |a история 
675 |a 7.01  |v 4 
700 1 |a Лифшиц  |b М.  |g Михаил 
712 0 2 |a Коммунистическая академия  |b Институт литературы и искусства  |c (Москва)  |c (1924-1936)  |2 stltpush  |3 (RuTPU)RU\TPU\col\18859 
801 1 |a RU  |b 63413507  |c 20161206 
801 2 |a RU  |b 63413507  |c 20200122  |g RCR 
942 |c BK